000 00615nam a2200169 a 4500
001 000036736
005 20200930075914.0
008 120126s1985 xxua 000 0 eng d
040 _aDO-SdBNP
_bspa
_cBNPHU
082 _axxxx
_bH741
100 1 _aHollinger, F. Blaine
_963046
245 1 0 _aViral hepatitis :
_bbiological and clinical features, specific diagnosis, and prophylaxis /
_cF. Blaine Hollinger, Joseph L. Melnick, William S. Robinson.
260 _aNew York :
_bRaven Press,
_c1985.
300 _avii, 213 p. :
_bil. ;
_c25 cm.
700 1 _aMelnick, Joseph L.
_963047
700 1 _aRobinson, William S.
_963048
999 _c36227
_d36227